El comendador de Alcántara / (Record no. 181283)

MARC details
000 -LEADER
campo de control de longitud fija 00969nam a2200277 i 4500
001 - NÚMERO DE CONTROL
campo de control 181283
003 - IDENTIFICADOR DE NÚMERO DE CONTROL
campo de control ES-MaACL
005 - FECHA Y HORA DE LA ÚLTIMA TRANSACCIÓN
campo de control 20250625173744.0
008 - DATOS DE LONGITUD FIJA--INFORMACIÓN GENERAL
campo de control de longitud fija 121205s2003 sp | |||| ||spa d
020 ## - NÚMERO INTERNACIONAL ESTÁNDAR DEL LIBRO
Número Internacional Estándar del Libro 84-95894-58-0
080 ## - NÚMERO DE LA CLASIFICACIÓN DECIMAL UNIVERSAL
Número de la Clasificación Decimal Universal 929 Ovando, Nicolás de (0:82)
080 ## - NÚMERO DE LA CLASIFICACIÓN DECIMAL UNIVERSAL
Número de la Clasificación Decimal Universal 94(729.3/.4)"15"(0:82)
080 ## - NÚMERO DE LA CLASIFICACIÓN DECIMAL UNIVERSAL
Número de la Clasificación Decimal Universal 821.134.2-31"19"
100 1# - ENTRADA PRINCIPAL--NOMBRE DE PERSONA
Nombre de persona Carrillo de Albornoz, José Miguel,
Fechas asociadas al nombre 1959-
9 (RLIN) 151898
245 13 - MENCIÓN DEL TÍTULO
Título El comendador de Alcántara /
Mención de responsabilidad, etc. José Miguel Carrillo de Albornoz.
250 ## - MENCION DE EDICION
Mención de edición 1ª ed.
260 ## - PUBLICACIÓN, DISTRIBUCIÓN, ETC.
Lugar de publicación, distribución, etc. Barcelona :
Nombre del editor, distribuidor, etc. Belacqva,
Fecha de publicación, distribución, etc. 2003.
300 ## - DESCRIPCIÓN FÍSICA
Extensión 509 p. :
Otras características físicas mapas ;
Dimensiones 23 cm.
490 1# - MENCIÓN DE SERIE
Mención de serie Colección Novela histórica ;
Designación de volumen o secuencia 9
600 17 - PUNTO DE ACCESO ADICIONAL DE MATERIA--NOMBRE DE PERSONA
Nombre de persona Ovando, Nicolás de,
Fechas asociadas al nombre ca. 1451-1511-
Subdivisión de forma Novelas
Fuente del encabezamiento o término
9 (RLIN) 151899
651 #4 - PUNTO DE ACCESO ADICIONAL DE MATERIA--NOMBRE GEOGRÁFICO
Nombre geográfico La Española-
Subdivisión de forma Novelas.
9 (RLIN) 151900
830 0# - PUNTO DE ACCESO ADICIONAL DE SERIE-TÍTULO UNIFORME
Título uniforme Colección Novela histórica ;
Designación de volumen o secuencia 9
9 (RLIN) 191425
852 ## - LOCALIZACIÓN
Ubicación ES-MaACL
Número de control de estantería A-12339
itemnumber 188167
Sublocalización o colección 146701
Ubicación en estantería Depósito 1
Signatura antigua Olim: N-5344
942 ## - ELEMENTOS DE ENTRADA SECUNDARIOS (KOHA)
Fuente del sistema de clasificación o colocación Clasificación decimal universal
Tipo de ítem Koha Libro impreso
Holdings
Estatus retirado Estado de pérdida Fuente del sistema de clasificación o colocación Estado de daño No para préstamo Biblioteca de origen Biblioteca actual Ubicación en estantería Fecha de adquisición Fuente de adquisición Total de préstamos Signatura topográfica completa Código de barras Visto por última vez Precio de reemplazo Tipo de ítem Koha
    Clasificación decimal universal     Biblioteca del Ateneo de Madrid Biblioteca del Ateneo de Madrid Depósito 1 05/12/2012 Donación   A-12339 1190506 23/02/2023 23/02/2023 Libro impreso